| 000 | 00761nam a22002417a 4500 | ||
|---|---|---|---|
| 005 | 20170124110014.0 | ||
| 010 | _aA-998108 | ||
| 020 |
_c300.00 _a8177370073 |
||
| 035 | _aA-998108 | ||
| 037 | _bCen Lib/Ret | ||
| 040 |
_aDPL _bEN |
||
| 082 |
_a346.066 _bCOM |
||
| 245 |
_aBharat's company rules & forms / _cedited by Ravi Pulani [and] Mahesh Pulani _bincluding companies court rules, 1959 |
||
| 250 | _a3rd ed | ||
| 260 |
_bNew Delhi _aBharat Law House _c2000 |
||
| 270 |
_a222, tarun enclave, pitampura _bNew Delhi _e110034 |
||
| 300 |
_a655p. _c21cm(Hb) |
||
| 500 | _aIncludes appendix | ||
| 650 |
_aTaxation _989471 |
||
| 650 |
_aCompany rules _918390 |
||
| 700 |
_aPulani, Mahesh _918391 |
||
| 942 |
_2ddc _cEN _h346.066 _mCOM |
||
| 999 |
_c126754 _d126754 |
||